|
|
|
|
| LEADER |
00936cam a2200265 7i4500 |
| 001 |
0000003888 |
| 005 |
20090706090000.0 |
| 020 |
|
|
|a 9780324060980
|
| 020 |
|
|
|a 032406098X (hbk.)
|
| 050 |
0 |
0 |
|a K1005.4 SCH 2002
|
| 090 |
0 |
0 |
|a K1005.4
|b .S33 2002
|
| 100 |
1 |
|
|a Schaffer, Richard
|
| 245 |
1 |
0 |
|a International business law and its environment
|c Richard Schaffer, Beverley Earle, Filiberto Agusti.
|
| 250 |
|
|
|a 5th ed.
|
| 260 |
|
|
|a Cincinnati, Ohio:
|b West/Thomson Learning,
|c 2002.
|
| 300 |
|
|
|a xxxviii, 725 p.:
|b ill., maps;
|c 27 cm.
|
| 500 |
|
|
|a Includes index
|
| 650 |
0 |
0 |
|a Export sales contracts
|
| 650 |
0 |
0 |
|a International business enterprises --
|x Law and legislation
|
| 650 |
0 |
0 |
|a Commercial law
|
| 650 |
0 |
0 |
|a Foreign trade regulation
|
| 700 |
1 |
|
|a Earle, Beverley
|
| 700 |
1 |
|
|a Agusti, Filiberto
|
| 999 |
|
|
|a 0000006889
|b BOK
|c OPEN SHELF
|e 1st Floor, Shah Alam
|
| 999 |
|
|
|a 0000008542
|b BOK
|c OPEN SHELF
|e 1st Floor, Shah Alam
|